书目信息 |
| 题名: |
中国皇陵
|
|
| 作者: | 徐潜 主编 ;闫静静 , 辛鹏龙 编著 | |
| 分册: | ||
| 出版信息: | 长春 吉林文史出版社 2018重印 |
|
| 页数: | 188页 | |
| 开本: | 24cm | |
| 丛书名: | 神秘的中华地理与发现 | |
| 单 册: | ||
| 中图分类: | K928.76 | |
| 科图分类: | ||
| 主题词: | 陵墓--ling mu--中国--通俗读物 | |
| 电子资源: | ||
| ISBN: | 978-7-5472-1539-5 | |
| 000 | 00959nam 2200289 45 | |
| 001 | 012001010194 | |
| 005 | 20140101091240.0 | |
| 010 | @a978-7-5472-1539-5@dCNY33.80 | |
| 099 | @aCAL 012014024578 | |
| 100 | @a20140304d2014 em y0chiy50 ea | |
| 101 | 0 | @achi |
| 102 | @aCN@b220000 | |
| 105 | @aa z 000yy | |
| 106 | @ar | |
| 200 | 1 | @a中国皇陵@Azhong guo huang ling@f徐潜主编@g闫静静, 辛鹏龙编著 |
| 210 | @a长春@c吉林文史出版社@d2018重印 | |
| 215 | @a188页@c图@d24cm | |
| 225 | 2 | @a神秘的中华地理与发现@Ashen mi de zhong hua di li yu fa xian |
| 330 | @a本书主要介绍的中国皇陵分别是: 黄帝陵 ; 清东陵 ; 秦始皇陵 ; 明十三陵 ; 成吉思汗陵。 | |
| 410 | 0 | @12001@a神秘的中华地理与发现 |
| 606 | 0 | @a陵墓@Aling mu@y中国@j通俗读物 |
| 690 | @aK928.76@v5 | |
| 701 | 0 | @a徐潜@Axu qian@4主编 |
| 702 | 0 | @a闫静静@Ayan jing jing@4编著 |
| 702 | 0 | @a辛鹏龙@Axin peng long@4编著 |
| 801 | 2 | @aCN@b上海新华@c20191020 |
| 905 | @b1135961-4@dK928.76@e1160@f4 | |
| 中国皇陵/徐潜主编/闫静静, 辛鹏龙编著.-长春:吉林文史出版社,2018重印 |
| 188页:图;24cm.-(神秘的中华地理与发现) |
| ISBN 978-7-5472-1539-5:CNY33.80 |
| 本书主要介绍的中国皇陵分别是: 黄帝陵 ; 清东陵 ; 秦始皇陵 ; 明十三陵 ; 成吉思汗陵。 |
| ● |
| 相关链接 |
|
|
|
|
正题名:中国皇陵
索取号:K928.76/1160
 
预约/预借
| 序号 | 登录号 | 条形码 | 馆藏地/架位号 | 状态 | 备注 |
| 1 | 1135961 | 211359616 | 第二样本阅览室/ [索取号:K928.76/1160] | 在馆 | |
| 2 | 1135962 | 211359625 | 第二借阅区/ [索取号:K928.76/1160] | 在馆 | |
| 3 | 1135963 | 211359634 | 第二借阅区/ [索取号:K928.76/1160] | 在馆 | |
| 4 | 1135964 | 211359643 | 第二借阅区/ [索取号:K928.76/1160] | 在馆 |